Longest serving European presidents - Statistics

General Stats
  • This quiz has been taken 141 times
    17 since last reset
  • The average score is 4 of 19
Answer Stats
Lenght Country President % Correct
21, 323 Russia Vladimir Putin
100%
31, 247 Belarus Alexander Lukashenko
75%
27, 111 Yugoslavia Josip Broz Tito
69%
22, 13 Romania Nicolae Ceaușescu
25%
25, 332 Finland Urho Kekkonen
19%
14, 195 Czechoslovakia Gustáv Husák
13%
18, 133 Bulgaria Todor Zhivkov
13%
15, 259 Portugal Américo Tomás
6%
15, 123 Lithuania Antanas Smetona
6%
16, 0 Iceland Ásgeir Ásgeirsson
6%
14, 135 Ireland Éamon de Valera
6%
29, 113 Albania Haxhi Lleshi
6%
14, 243 Hungary István Dobi
6%
26, 349 Soviet Union Mikhail Kalinin
6%
20, 0 Iceland Ólafur Ragnar Grímsson
6%
24, 286 Portugal Óscar Carmona
6%
20, 72 Hungary Pál Losonczi
6%
17, 30 Czechoslovakia Tomáš Masaryk
6%
16, 0 Iceland Vigdís Finnbogadóttir
6%
No matching quizzes found
Score Distribution
Percent of People with Each Score
Percentile by Number Answered
Your Score History
You have not taken this quiz since the last reset